书目信息 |
| 题名: |
多元文化英语教学创新研究
|
|
| 作者: | 刘芬 , 高尚 , 杨洪科 著 | |
| 分册: | ||
| 出版信息: | 北京 线装书局 2024.09 |
|
| 页数: | 188页 | |
| 开本: | 26cm | |
| 丛书名: | ||
| 单 册: | ||
| 中图分类: | H319.3 | |
| 科图分类: | ||
| 主题词: | 英语--教学研究 | |
| 电子资源: | ||
| ISBN: | 978-7-5120-5581-0 | |
| 000 | 00863nam0 2200253 450 | |
| 001 | 012832268 | |
| 005 | 20250924201921.89 | |
| 010 | @a978-7-5120-5581-0@dCNY68.00 | |
| 100 | @a20240326d2024 em y0chiy0120 ea | |
| 101 | 0 | @achi |
| 102 | @aCN@b110000 | |
| 105 | @ay z 000yy | |
| 106 | @ar | |
| 200 | 1 | @a多元文化英语教学创新研究@9duo yuan wen hua ying yu jiao xue chuang xin yan jiu@f刘芬,高尚,杨洪科著 |
| 210 | @a北京@c线装书局@d2024.09 | |
| 215 | @a188页@d26cm | |
| 330 | @a本书对英语教学现状、困境、改革与创新进行了探讨,并且采用创新的教学方法以及先进的教学模式,对当代英语教学中存在的问题进行分析,提出建议。 | |
| 606 | 0 | @a英语@x教学研究 |
| 690 | @aH319.3@v5 | |
| 701 | 0 | @a刘芬@9liu fen@4著 |
| 701 | 0 | @a高尚@9gao shang@4著 |
| 701 | 0 | @a杨洪科@9yang hong ke@4著 |
| 801 | 0 | @aCN@c20250908 |
| 905 | @a河南城建学院图书馆@dH319.3@eL615@ZL615@f1 | |
| 多元文化英语教学创新研究/刘芬,高尚,杨洪科著.-北京:线装书局,2024.09 |
| 188页;26cm |
| ISBN 978-7-5120-5581-0:CNY68.00 |
| 本书对英语教学现状、困境、改革与创新进行了探讨,并且采用创新的教学方法以及先进的教学模式,对当代英语教学中存在的问题进行分析,提出建议。 |
| ● |
| 相关链接 |
|
|
|
正题名:多元文化英语教学创新研究
索取号:H319.3/L615
 
预约/预借
| 序号 | 登录号 | 条形码 | 馆藏地/架位号 | 状态 | 备注 |
| 1 | 1631696 | 216316966 | 语言库209/209语言库 42排4列5层/ [索取号:H319.3/L615] | 在馆 |